Мэгрифэтсе могэллимдэр, куренекле уkытыусылар hэм мэгариф эшмэкэрзэре. 1-се кит. (Запись № 9572685)
[ простой вид ]
| 000 -МАРКЕР | |
|---|---|
| контрольное поле | 01288nam2a2200265 4500 |
| 001 - ИДЕНТИФИКАТОР ЗАПИСИ | |
| контрольное поле | RU\NLR\ONL2\2880 |
| 005 - ИДЕНТИФИКАТОР ВЕРСИИ | |
| контрольное поле | 20250613124745.0 |
| 010 ## - МЕЖДУНАРОДНЫЙ СТАНДАРТНЫЙ НОМЕР КНИГИ (ISBN) | |
| Номер (ISBN) | 5-295-03223-X |
| Тираж | 3600 |
| 035 ## - ДРУГИЕ СИСТЕМНЫЕ НОМЕРА | |
| Идентификатор записи | (NLR Aleph) 009650481 |
| 100 ## - ДАННЫЕ ОБЩЕЙ ОБРАБОТКИ | |
| Данные общей обработки | 20050113d2003 |||y0rusy50 ca |
| 101 0# - ЯЗЫК РЕСУРСА | |
| Язык текста, звукозаписи и т.д. | башкирский |
| 102 ## - СТРАНА ПУБЛИКАЦИИ ИЛИ ПРОИЗВОДСТВА | |
| Страна публикации | Российская Федерация |
| 105 ## - ПОЛЕ КОДИРОВАННЫХ ДАННЫХ: ТЕКСТОВЫЕ МАТЕРИАЛЫ, МОНОГРАФИЧЕСКИЕ | |
| Кодированные данные о монографическом текстовом документе | c ||||||||| |
| 200 0# - ЗАГЛАВИЕ И СВЕДЕНИЯ ОБ ОТВЕТСТВЕННОСТИ | |
| Основное заглавие | 1-се кит. |
| 210 ## - ПУБЛИКАЦИЯ, РАСПРОСТРАНЕНИЕ И ДР. | |
| Дата издания, распространения и т.д. | 2003 |
| Место издания, распространения и т.д. | Б. м. |
| 215 ## - ФИЗИЧЕСКАЯ ХАРАКТЕРИСТИКА | |
| Специфическое обозначение материала и объем | 254,[1] б. |
| Другие сведения о физической характеристике | портр. |
| 461 #0 - УРОВЕНЬ НАБОРА | |
| Встроенное поле | 001RU\NLR\ONL2\2879 |
| -- | 2001#$aМэгрифэтсе могэллимдэр, куренекле уkытыусылар hэм мэгариф эшмэкэрзэре$eТарихи-пед. очерктар hэм hурэтлэмэлэр$fК.Я.Яйыkбаев$v1-се кит. |
| -- | 700#1$aЯйыkбаев$bК. Я.$gКамил Яkшыгилде улы$4070 |
| Системный номер (АБИС) связанной записи | 9572684 |
| Автор | Яйыkбаев, К. Я. |
| Место публикации | Офо |
| Дата публикации | 2003 |
| Первые сведения об ответственности | К.Я.Яйыkбаев |
| Имя издателя, распространителя и т.д. | Китап |
| Сведения, относящиеся к заглавию | Тарихи-пед. очерктар hэм hурэтлэмэлэр |
| Заглавие | Мэгрифэтсе могэллимдэр, куренекле уkытыусылар hэм мэгариф эшмэкэрзэре |
| Номер тома | 1-се кит. |
| 801 #0 - ИСТОЧНИК ЗАПИСИ | |
| Страна | Российская Федерация |
| Организация | NLR |
| Дата составления | 20050113 |
| Правила каталогизации | PSBO |
| 852 ## - МЕСТОНАХОЖДЕНИЕ И ШИФР ХРАНЕНИЯ | |
| Идентификатор организации | NLR |
| Наименование фонда или коллекции (Sub-Location Identifier) | ОНЛ |
| Шифр хранения (Call Number) | Башк./3-4705 |
| 942 ## - ДОПОЛНИТЕЛЬНЫЕ ЭЛЕМЕНТЫ ЗАПИСИ (АБИС) | |
| Тип экземпляра АБИС | Книга |
| 980 ## - КОЛЛЕКЦИЯ | |
| Название коллекции | Национальная библиография |
| 980 ## - КОЛЛЕКЦИЯ | |
| Название коллекции | Каталог книг на языках народов РФ и стран СНГ |
| Тип экземпляра | Дата поступления | Библиотека постоянного хранения | Библиотека текущего хранения | Место хранения | Шифр хранения | Штрих-код | Статус экземпляра |
|---|---|---|---|---|---|---|---|
| Книга | 26.10.2013 | РНБ (Московский) | РНБ (Московский) | Фонд национальных литератур | Башк./3-4705 | 9650481-10 |